000 01354nam a2200397 i 4500
001 47006
003 KOSZ 005
005 20221117143956.0
008 040519s1976 pl a f 001 0 pol
015 _aPB 1976/6965
040 _aWA N
_cWA N
_dKOSZ 005/RW
_dKOSZ 005/HR
046 _k1976
080 _a621.37
080 _a621.38
080 _a(075.8)
100 1 _aGolde, Wiktor
_d(1921-1983)
_eAutor
245 1 0 _aUkłady elektroniczne.
_nT. 2 /
_cWiktor Golde.
260 _aWarszawa :
_bWydawnictwa Naukowo-Techniczne,
_c1976.
300 _a449, [3] s. :
_bil., tab., wykr., err. ;
_c24 cm.
380 _aKsiążki.
380 _aPublikacje dydaktyczne
385 _mPoziom nauczania
_aSzkoły wyższe
388 _a1901-2000
490 1 _aPodręczniki Akademickie. Elektrotechnika.
504 _aBibliogr. przy rozdz. Indeks.
580 _aT. 1 poz. 6740/70.
658 _aInżynieria i technika
655 4 _aPodręczniki akademickie
650 4 _aElektronika
650 4 _aUrządzenia elektryczne
650 4 _aUkład elektroniczny
710 2 _aWydawnictwa Naukowo-Techniczne
_4pbl.
856 _uhttp://koha.tu.koszalin.pl/cgi-bin/koha/opac-detail.pl?biblionumber=47006
_yKatalog online BPK
830 0 _aPodręczniki Akademickie.
_pElektrotechnika
942 _2UKD
_cKS
999 _c47006
_d47006